| 000 | 00000nam##2200000za#4500 |
| 001 | 9.557953 |
| 003 | CaOODSP |
| 005 | 20221005083643 |
| 007 | cr ||||||||||| |
| 008 | 150406|2001||||xxc|||||o f|0| 0 eng|d |
| 020 | |a0-662-31038-1 |
| 022 | |a1925-0649 |
| 040 | |aCaOODSP|beng |
| 043 | |an-cn--- |
| 086 | 1 |aH113-5/2001-2E-IN |
| 110 | 1 |aCanada. |bPest Management Regulatory Agency. |
| 245 | 10|aDiscontinuation of the organophosphate insecticide ethyl parathion |h[electronic resource] |
| 260 | |aOttawa - Ontario : |bHealth Canada. |cOctober 19, 2001. |
| 300 | |a7p. |
| 490 | 1 |aRe-evaluation note |x1925-0649|vREV 2001-02 |
| 590 | |a12-01-Supp|b2012-01-13 |
| 775 | 08|tCessation de l'usage de l'insecticide organophosphaté éthyl-parathion |w(CaOODSP)9.590953 |
| 776 | 0#|tDiscontinuation of the Organophosphate Insecticide Ethyl Parathion |w(CaOODSP)9.615752 |
| 830 | #0|aRe-evaluation note (Canada. Pest Management Regulatory Agency)|x1925-0649|vREV 2001-02|w(CaOODSP)9.504460 |
| 856 | 40|ahttp://publications.gc.ca|qPDF|s120 KB|uhttps://publications.gc.ca/collections/Collection/H113-5-2001-2E.pdf|yREV 2001-02 |